Algoritmo de Lagrange
Uloženo v:
| Hlavní autor: | |
|---|---|
| Médium: | Kniha |
| Jazyk: | španělština |
| Vydáno: |
Valparaíso
Universidad Católica de Valparaíso
1984
|
| Edice: | Veinte Algoritmos
|
| Témata: | |
| Tagy: |
Přidat tag
Žádné tagy, Buďte první, kdo vytvoří štítek k tomuto záznamu!
|
MARC
| LEADER | 00000nam a2200000 a 4500 | ||
|---|---|---|---|
| 001 | UCM3129 | ||
| 003 | CL-VaPUC | ||
| 008 | 020628e19840000CL |||||||||||||||||spa|d | ||
| 082 | 0 | 4 | |a 511.8 |b IOM |2 21 |
| 100 | |a Iommi Amunátegui, Godofredo Tomás |e autor |9 604202 | ||
| 245 | 1 | 0 | |a Algoritmo de Lagrange |
| 300 | |a Pág. irreg | ||
| 942 | |c BK | ||
| 945 | |d 20020628 00:00:00 |a vberengu | ||
| 260 | |a Valparaíso |b Universidad Católica de Valparaíso |c 1984 | ||
| 600 | 0 | |a Lagrange, Joseph-Louis |d 1736-1813 |9 360077 | |
| 650 | 0 | |a Algoritmos |9 260639 | |
| 650 | 0 | |a Lógica matemática |9 262442 | |
| 583 | |a last modification |c 20020628 00:00:00 |k Rodrigo Vera | ||
| 490 | 0 | |a Veinte Algoritmos | |
| 999 | |c 300626 |d 300624 | ||
| 952 | |0 0 |1 0 |4 0 |6 511_800000000000000_IOM_1984 |7 0 |8 R |9 358630 |a BIBARQ |b BIBARQ |d 2019-11-21 |i 3824039 |l 1 |o 511.8 IOM 1984 |p 3824039 |r 2025-01-20 |s 2024-05-24 |w 2019-11-21 |y BK_R |k ARQ | ||